Central Library OPAC University of Rajshahi

On type designs, past and present; (Record no. 74832)

MARC details
000 -LEADER
fixed length control field 00922cam a22003011 4500
001 - CONTROL NUMBER
control field 74832
003 - CONTROL NUMBER IDENTIFIER
rucl marc code BD-RjUL
005 - DATE AND TIME OF LATEST TRANSACTION
control field 20211209082617.0
008 - FIXED-LENGTH DATA ELEMENTS--GENERAL INFORMATION
fixed length control field 720626s1962 xx 000 0 eng
035 ## - SYSTEM CONTROL NUMBER
System control number (BD-RjUL)75050
System control number (OCoLC)341995
040 ## - CATALOGING SOURCE
Original cataloging agency DLC
Transcribing agency ODaU
Modifying agency Uk
-- DLC
Language of cataloging eng
041 ## - LANGUAGE CODE
Language code of text/sound track or separate title eng
042 ## - AUTHENTICATION CODE
Authentication code premarc
082 ## - DEWEY DECIMAL CLASSIFICATION NUMBER
Edition number 23
Classification number 686.2
Author mark and year MOO 1962
100 1# - MAIN ENTRY--PERSONAL NAME
Personal name Morison, Stanley,
Dates associated with a name 1889-1967.
9 (RLIN) 225816
245 10 - TITLE STATEMENT
Title On type designs, past and present;
Remainder of title a brief introduction. /
Statement of responsibility, etc. Stanley Morison,
250 ## - EDITION STATEMENT
Edition statement New ed. [rev. and enl.]
260 ## - PUBLICATION, DISTRIBUTION, ETC. (IMPRINT)
Place of publication, distribution, etc. London:
Name of publisher, distributor, etc. E. Benn,
Date of publication, distribution, etc. 1962.
300 ## - PHYSICAL DESCRIPTION
Pagination 79 p.
Illustrations illus.
Size 23 cm.
500 ## - GENERAL NOTE
General note First published in 1926 under title: Type designs of the past and present.
650 #0 - SUBJECT ADDED ENTRY--TOPICAL TERM
Topical term or geographic name as entry element Printing
Form subdivision Specimens.
9 (RLIN) 225817
Topical term or geographic name as entry element Type and type-founding.
9 (RLIN) 225818
942 ## - ADDED ENTRY ELEMENTS (KOHA)
Source of classification or shelving scheme Dewey Decimal Classification
Koha item type Books
Holdings
Lost status Source of classification or shelving scheme Damaged status Not for loan Collection code Permanent Location Current Location Shelving location Date acquired Source of acquisition Cost, normal purchase price Total Checkouts Full call number Date last seen Copy number Koha item type
  Dewey Decimal Classification   Not For Loan Non-fiction Central Library, University of Rajshahi Central Library, University of Rajshahi Reading Room 22/06/1965 Zeitlinger 12.60   686.2 MOO 1962 10/12/2018 C-1 Books